LEADER 00919nam a2200217 i 4500 001 000000259060 003 CaOOAMICUS 005 20180629000000.0 008 180629s1852 it u000 u ita u 013 $a237968 040 $aSeMil$bita 245 10$aMeccanica, idraulica, ottica, astronomia. 300 $a619 p., 10 c. di tav. :$bripieg. :$bill. 650 4$aAstronomia.$0(OLS)http://semarc/subject/3898 650 4$aOttica.$0(OLS)http://semarc/subject/10086 650 4$aMeccanica applicata.$0(OLS)http://semarc/subject/47015 650 4$aIdraulica.$0(OLS)http://semarc/subject/45455 773 0 $aGabba, Alberto <1794-1868>$tLezioni di matematica pura elementare.$dPavia : Eredi Bizzoni, 1851-1852.$g3$w()12490 850 $aSeMil 852 $aSeMil$W1$xVenegono$y1$m3W IV 64 FA$j209405$B209405$CSeMilBibl$Z2$F223068 $8I 996 $6245$aMeccanica, idraulica, ottica, astronomia$9(OLS)http://semarc/title/413904 LEADER 01074nam a2200253 i 4500 001 000000126068 003 CaOOAMICUS 005 20040507000000.0 008 040507s2003 it u000 u ita u 013 $a98770 020 $a88-8477-114-5 040 $aSeMil$bita 100 1 $aApeciti, Ennio,$c.$0(OLS)http://semarc/name/10867 245 10$aLuigi Maria Monti beato /$cEnnio Apeciti ; Prefazione del Cardinal Dionigi Tettamanzi. 260 $aSaronno :$bGrafica Monti,$c2003. 300 $a221 p. ;$c21 cm. 650 4$aMonti, Luigi Maria .$0(OLS)http://semarc/subject/1575 700 1 $aTettamanzi, Dionigi,$c.$0(OLS)http://semarc/name/89456 850 $aSeMil 852 $aSeMil$W1$xVenegono$y1$m198 10 *$j80464$B80464$CSeMilBibl$Z2$F82702 $81 961 $aLascito: Luzzini don Angelo 996 $6020$a88-8477-114-5$9(OLS)http://semarc/number/112129 996 $6245$aLuigi Maria Monti beato$9(OLS)http://semarc/title/185744 996 $6260$aSaronno :$bGrafica Monti$9(OLS)http://semarc/publisher/42577